000 00646nam a2200229 i 4500
001 C2-0224404
003 PPAK
005 20180728152938.0
008 000418s1982 my a|||| ||||| | may d
040 _aPPAK
_beng
_cPPAK
_erda
082 0 4 _a899.231
_223
090 0 0 _a899.231
_bSUH
_dKSA
100 0 _aSuhaimi Haji Muhammad,
_eauthor
245 1 0 _aImej :
_bsebuah antologi sajak
264 1 _aKuala Lumpur :
_bSuhaimi Haji Muhammad ,
_c1982
300 _a27 pages :
_billustrations ;
_c19 cm
336 _2rdacontent
_atext
337 _2rdamedia
_aunmediated
338 _2rdacarrier
_avolume
650 1 0 _aMalay poetry
942 _ddc
_cB
999 _c145324
_d145324